2023 Formula One Winners - Statistics

General Stats
  • This quiz has been taken 166 times
  • The average score is 21 of 22
Answer Stats
Hint Answer % Correct
Bahrain Grand Prix Max Verstappen
100%
Australian Grand Prix Max Verstappen
98%
Miami Grand Prix Max Verstappen
97%
Spanish Grand Prix Max Verstappen
97%
Monaco Grand Prix Max Verstappen
96%
Canadian Grand Prix Max Verstappen
96%
Austrian Grand Prix Max Verstappen
96%
British Grand Prix Max Verstappen
96%
Hungarian Grand Prix Max Verstappen
96%
Belgian Grand Prix Max Verstappen
96%
Dutch Grand Prix Max Verstappen
96%
Italian Grand Prix Max Verstappen
96%
Japanese Grand Prix Max Verstappen
96%
Qatar Grand Prix Max Verstappen
96%
United States Grand Prix Max Verstappen
96%
Mexico City Grand Prix Max Verstappen
96%
Sao Paulo Grand Prix Max Verstappen
96%
Las Vegas Grand Prix Max Verstappen
96%
Abu Dhabi Grand Prix Max Verstappen
96%
Singapore Grand Prix Carlos Sainz Jr.
94%
Saudi Arabian Grand Prix Sergio Perez
94%
Azerbaijan Grand Prix Sergio Perez
93%
No matching quizzes found
Score Distribution
Percent of People with Each Score
Percentile by Number Answered
Your Score History
You have not taken this quiz